[Event "2MCR_3DE_1L_2S"]
[Site "?"]
[Date "2007.??.??"]
[Round "?"]
[White "Postl, Rostislav"]
[Black "Prochazka, Dalibor"]
[Result "0-1"]
[WhiteElo "2340"]
[BlackElo "2200"]
[Annotator "076"]
[PlyCount "120"]
[EventDate "2007.??.??"]
[EventType "corr"]
[EventRounds "1"]
[SourceDate "2007.01.28"]

1. e4 e5 2. Nf3 Nc6 3. Bb5 a6 4. Ba4 Nf6 5. O-O Be7 6. Re1 b5 7. Bb3 O-O 8. c3
d6 9. d4 Bg4 10. d5 Na5 11. Bc2 Qc8 12. h3 Bd7 13. Nbd2 c6 14. dxc6 Qxc6 15.
Nf1 Rfe8 16. a4 Nb7 17. Bg5 Nc5 18. axb5 axb5 19. Rxa8 Rxa8 20. Ne3 Be6 21. Nd5
Bxd5 22. Bxf6 Bxf6 23. exd5 Qb7 24. Nd2 Bd8 25. Qe2 g6 26. Rb1 b4 27. Qc4 Rb8
28. Bd3 f5 29. Bf1 e4 30. Qd4 Qg7 31. Qe3 bxc3 32. Qxc3 Bf6 33. Qg3 Be5 34. Qh4
Bf6 35. Qg3 Be5 36. Qh4 Rxb2 37. Rxb2 Bxb2 38. Nc4 Bf6 39. Qg3 Be5 40. Nxe5
Qxe5 41. Qxe5 dxe5 42. Bc4 Kf8 43. d6 Nb7 44. d7 Ke7 45. Bg8 h6 46. Kf1 g5 47.
g4 f4 48. Bd5 Nc5 49. Bc6 Nxd7 50. Bxe4 Nf6 51. Bc6 Kd6 52. Bb7 e4 53. f3 e3
54. Ba8 Nd5 55. Bb7 Nb4 56. Be4 Kc5 57. Bb1 Kd4 58. Ke2 Nd5 59. Ke1 Nc3 60. Bf5
e2 0-1

[Event "2MCR_3DE_1L_2S"]
[Site "?"]
[Date "2007.??.??"]
[Round "?"]
[White "Pecka, Josef"]
[Black "Janous, Petr"]
[Result "1/2-1/2"]
[WhiteElo "2290"]
[BlackElo "2236"]
[Annotator "077"]
[PlyCount "126"]
[EventDate "2007.??.??"]
[EventType "corr"]
[EventRounds "1"]
[SourceDate "2007.01.28"]

1. e4 c5 2. Nf3 d6 3. d4 cxd4 4. Nxd4 Nf6 5. Nc3 a6 6. Bg5 e6 7. f4 Qb6 8. Qd2
Qxb2 9. Nb3 Qa3 10. Bxf6 gxf6 11. Be2 Nc6 12. O-O Bd7 13. Nb1 Qa4 14. Nc3 Qa3
15. Nb1 Qb4 16. Qe3 Ne7 17. c3 Qa4 18. f5 Rc8 19. c4 Qc6 20. Nc3 e5 21. Nd5
Nxd5 22. exd5 Qc7 23. Nd2 Qc5 24. Qxc5 Rxc5 25. Ne4 Ra5 26. Nxf6+ Ke7 27. Nxd7
Kxd7 28. Rfb1 Kc7 29. Rb3 Bg7 30. f6 Bh6 31. h4 e4 32. g3 Bd2 33. Kf2 Rc5 34.
Rd1 Bh6 35. a3 Rb8 36. Kf1 Rg8 37. Rd4 Re8 38. Ke1 Re5 39. Rd1 Re8 40. Bf1 Rb8
41. Rd4 Re8 42. Bg2 b5 43. Rc3 Kb6 44. Rxe4 Rcc8 45. Re7 bxc4 46. Kf2 Kc5 47.
Bf1 Rxe7 48. Rxc4+ Kxd5 49. fxe7 Re8 50. Rc7 Ke6 51. Bc4+ d5 52. Rc6+ Ke5 53.
Bxd5 Bd2 54. Bxf7 Rxe7 55. Bg8 Kd4 56. Be6 a5 57. Ke2 Bh6 58. Kf3 Bd2 59. g4
Be1 60. h5 Bh4 61. Kf4 h6 62. Kf5 Rg7 63. Rc4+ Kd3 1/2-1/2

[Event "2MCR_3DE_1L_2S"]
[Site "?"]
[Date "2007.??.??"]
[Round "?"]
[White "Alexa, Jaroslav"]
[Black "Houska, Jiri"]
[Result "1/2-1/2"]
[WhiteElo "2374"]
[BlackElo "2244"]
[Annotator "078"]
[PlyCount "96"]
[EventDate "2007.??.??"]
[EventType "corr"]
[EventRounds "1"]
[SourceDate "2007.01.28"]

1. d4 Nf6 2. c4 g6 3. Nc3 Bg7 4. e4 d6 5. f3 O-O 6. Be3 c5 7. Nge2 Nc6 8. d5
Ne5 9. Ng3 e6 10. Be2 exd5 11. cxd5 a6 12. a4 h5 13. O-O Nh7 14. Nh1 f5 15. Qd2
Bd7 16. Nf2 Re8 17. a5 Nf6 18. h3 fxe4 19. Nfxe4 Nxe4 20. Nxe4 Nf7 21. Ra2 b5
22. axb6 Qxb6 23. Rfa1 Bf5 24. Bd3 Rab8 25. Bc2 Qb4 26. Qd1 a5 27. Rxa5 Qxb2
28. R1a2 Qe5 29. R2a4 Bd7 30. Ra3 Bf5 31. Ra7 Re7 32. R7a4 Reb7 33. f4 Qe7 34.
Bf2 Rb4 35. Rxb4 cxb4 36. Ra7 Qe8 37. Nd2 Ra8 38. Rc7 Ra1 39. Nb1 b3 40. Bxf5
gxf5 41. Qxb3 Qe4 42. Rc1 Qxf4 43. Rf1 Be5 44. g3 Qa4 45. Qxa4 Rxa4 46. Be3 Re4
47. Bd2 Rd4 48. Kg2 Kg7 1/2-1/2

[Event "2MCR_3DE_1L_1S"]
[Site "?"]
[Date "2007.??.??"]
[Round "?"]
[White "Toman, Antonin"]
[Black "Zahour, Jiri"]
[Result "1/2-1/2"]
[WhiteElo "2271"]
[BlackElo "2307"]
[Annotator "071"]
[PlyCount "94"]
[EventDate "2007.??.??"]
[EventType "corr"]
[EventRounds "1"]
[SourceDate "2007.01.28"]

1. e4 c5 2. b3 Nc6 3. Bb2 e5 4. Bc4 Nf6 5. Nc3 Nxe4 6. Nxe4 d5 7. Bd3 dxe4 8.
Bxe4 Nd4 9. Qh5 Bd6 10. Nf3 g6 11. Qh6 Bf8 12. Qe3 Bg7 13. c3 f5 14. cxd4 cxd4
15. Bc6+ bxc6 16. Bxd4 f4 17. Qe2 Bf5 18. O-O O-O 19. Qc4+ Rf7 20. Bxe5 Bd3 21.
Qxc6 Rc8 22. Qe6 Bxf1 23. Rxf1 Qd7 24. Qa6 Qb7 25. Qa5 Bxe5 26. Qxe5 Qe7 27.
Qb2 Qf6 28. d4 Rfc7 29. h4 Qd6 30. b4 Rc2 31. Qb3+ Kg7 32. Re1 R8c3 33. Qa4 Rc1
34. Rxc1 Rxc1+ 35. Kh2 a6 36. Qe8 Rc7 37. Qe2 Rb7 38. a3 Rc7 39. Qe4 Re7 40.
Qd3 Rc7 41. Qe2 h6 42. h5 gxh5 43. Qe4 Qf6 44. a4 Re7 45. Qd5 Re2 46. Qb7+ Re7
47. Qd5 Re2 1/2-1/2

[Event "2MCR_3DE_1L_3S"]
[Site "?"]
[Date "2007.??.??"]
[Round "?"]
[White "Splichal, Josef"]
[Black "Pytlik, Lesek"]
[Result "0-1"]
[WhiteElo "2168"]
[BlackElo "2382"]
[Annotator "075"]
[PlyCount "104"]
[EventDate "2007.??.??"]
[EventType "corr"]
[EventRounds "1"]
[SourceDate "2007.01.28"]

1. e4 e6 2. d4 d5 3. Nc3 Bb4 4. e5 c5 5. a3 Ba5 6. b4 cxd4 7. Qg4 Ne7 8. Nb5
Bc7 9. Qxg7 Rg8 10. Qxh7 a6 11. Nxc7+ Qxc7 12. Bb2 Qxe5+ 13. Ne2 Qc7 14. Ng3 e5
15. Be2 Be6 16. Rc1 Nbc6 17. c3 dxc3 18. Bxc3 O-O-O 19. b5 axb5 20. Bxb5 d4 21.
Bb4 Qb6 22. Qd3 Kb8 23. Bxc6 Nxc6 24. Rb1 Nxb4 25. Rxb4 Qc6 26. O-O Rd7 27.
Rfb1 Ba2 28. R1b2 Qc1+ 29. Qf1 Qxf1+ 30. Kxf1 Bd5 31. f3 Rh8 32. h3 Bc6 33. Ke1
Kc7 34. Nf5 Ra8 35. f4 f6 36. fxe5 fxe5 37. Ra2 Rd5 38. a4 Rc5 39. g4 b5 40. a5
Rc3 41. Ne7 Rxh3 42. Nxc6 Rh1+ 43. Kd2 Rh2+ 44. Kd3 Rxa2 45. Nxe5 R8xa5 46.
Rxd4 R5a3+ 47. Ke4 Ra4 48. g5 Rxd4+ 49. Kxd4 Rg2 50. g6 Rg5 51. Nf3 Rxg6 52.
Kc5 Rg3 0-1

[Event "2MCR_3DE_1L_1S"]
[Site "?"]
[Date "2007.??.??"]
[Round "?"]
[White "Ryvova, Anna"]
[Black "Toman, Antonin"]
[Result "1-0"]
[WhiteElo "2254"]
[BlackElo "2271"]
[Annotator "072"]
[PlyCount "75"]
[EventDate "2007.??.??"]
[EventType "corr"]
[EventRounds "1"]
[SourceDate "2007.01.28"]

1. d4 d5 2. c4 e6 3. Nc3 Nf6 4. Bg5 c6 5. e3 Qa5 6. Bxf6 gxf6 7. Nf3 dxc4 8.
Bxc4 Nd7 9. O-O Rg8 10. g3 Be7 11. e4 f5 12. exf5 Qxf5 13. Re1 Nb6 14. Bd3 Qh5
15. a4 a5 16. Re5 Qh6 17. Qc2 Nd7 18. Re4 Qh5 19. Qe2 b6 20. Rd1 Bb7 21. Bc4
O-O-O 22. d5 cxd5 23. Bxd5 Nc5 24. Re5 Qg6 25. Bxb7+ Kxb7 26. Nd4 Qg4 27. f3
Qg7 28. Qg2 Ka6 29. f4 Qg4 30. Rd2 Bf6 31. Rxc5 Bxd4+ 32. Rxd4 Rxd4 33. Qc6 Rd5
34. Qb5+ Kb7 35. Nxd5 Qd1+ 36. Kg2 exd5 37. b4 Qd2+ 38. Kh3 1-0

[Event "2MCR_3DE_1L_3S"]
[Site "?"]
[Date "2007.??.??"]
[Round "?"]
[White "Krouzel, Jaroslav"]
[Black "Ryska, Jiri"]
[Result "1-0"]
[WhiteElo "2298"]
[BlackElo "2072"]
[Annotator "076"]
[PlyCount "85"]
[EventDate "2007.??.??"]
[EventType "corr"]
[EventRounds "1"]
[SourceDate "2007.01.28"]

1. d4 Nf6 2. c4 Nc6 3. Nf3 e6 4. Bg5 h6 5. Bh4 d5 6. e3 Be7 7. Nc3 O-O 8. Rc1
Ne4 9. Bxe7 Qxe7 10. cxd5 Nxc3 11. Rxc3 exd5 12. Be2 Bg4 13. Qb3 Bxf3 14. gxf3
Qg5 15. Kf1 Qf5 16. Rg1 Rfe8 17. Rg4 h5 18. Rg3 Qb1+ 19. Bd1 Na5 20. Qc2 Qxc2
21. Rxc2 c6 22. Be2 Re6 23. Rg5 g6 24. f4 Kg7 25. f5 Rf6 26. fxg6 fxg6 27. b4
Nc4 28. Bxc4 dxc4 29. Rxc4 Re8 30. Re5 Rxe5 31. dxe5 Re6 32. f4 Kf7 33. Kf2 Re8
34. Rd4 Re7 35. Rd6 Rc7 36. Kg3 a5 37. bxa5 c5 38. Kf3 c4 39. Ke2 Rc5 40. Rf6+
Kg7 41. Rb6 Rxa5 42. Rxb7+ Kf8 43. Rb2 1-0

[Event "2MCR_3DE_1L_1S"]
[Site "?"]
[Date "2007.??.??"]
[Round "?"]
[White "Hrdy, Roman"]
[Black "Zahour, Jiri"]
[Result "0-1"]
[WhiteElo "2284"]
[BlackElo "2307"]
[Annotator "073"]
[PlyCount "110"]
[EventDate "2007.??.??"]
[EventType "corr"]
[EventRounds "1"]
[SourceDate "2007.01.28"]

1. d4 Nf6 2. Bg5 c5 3. Nc3 cxd4 4. Qxd4 Nc6 5. Qh4 Qa5 6. O-O-O d6 7. Bxf6 exf6
8. Rd5 Qd8 9. e4 Be6 10. Nf3 Be7 11. Rd1 Qa5 12. a3 O-O 13. Qg3 Rac8 14. Nh4
Rfd8 15. Nf5 Bf8 16. Ne3 Ne7 17. Ncd5 Nxd5 18. exd5 Bd7 19. Bd3 g6 20. Rhe1 Qc5
21. h4 Bg7 22. Qf4 f5 23. h5 a5 24. hxg6 fxg6 25. Rh1 Re8 26. Rd2 b5 27. Kb1
Qd4 28. Qxd4 Bxd4 29. Nd1 Bf6 30. g3 Rc5 31. Ne3 Bg5 32. Re1 f4 33. gxf4 Bxf4
34. Rde2 Kf7 35. Ng2 Rxe2 36. Rxe2 Bh2 37. Ne3 h5 38. Re1 Bf4 39. Ng2 Bh6 40.
Be4 g5 41. Ne3 Bg7 42. c3 Be5 43. Kc2 h4 44. f3 Rc8 45. Kd3 b4 46. axb4 axb4
47. cxb4 Bb5+ 48. Kd2 Bxb2 49. Rg1 Bc3+ 50. Kd1 Rh8 51. Rxg5 h3 52. Rg1 Ra8 53.
Rg3 h2 54. Rh3 Ra1+ 55. Kc2 Bd4 0-1

[Event "2MCR_3DE_1L_2S"]
[Site "?"]
[Date "2007.??.??"]
[Round "?"]
[White "Valak, Alois"]
[Black "Hala, Martin"]
[Result "1/2-1/2"]
[WhiteElo "2353"]
[BlackElo "2368"]
[Annotator "079"]
[PlyCount "110"]
[EventDate "2007.??.??"]
[EventType "corr"]
[EventRounds "1"]
[SourceDate "2007.01.28"]

1. d4 Nf6 2. Nf3 g6 3. c4 Bg7 4. Nc3 O-O 5. e4 d6 6. Be2 e5 7. O-O Nc6 8. d5
Ne7 9. Ne1 Nd7 10. f3 f5 11. Bg5 h6 12. Be3 f4 13. Bf2 g5 14. Nd3 Ng6 15. c5
Nf6 16. a4 Rf7 17. a5 h5 18. a6 b6 19. Nb4 g4 20. Nb5 g3 21. hxg3 fxg3 22. Bxg3
h4 23. Nc6 Qf8 24. Bf2 bxc5 25. Nbxa7 Bd7 26. Nb5 Bh6 27. Nxc7 Nf4 28. Bxh4
Bxc6 29. Nxa8 Bxa8 30. Ra3 Qg7 31. g4 Qh7 32. Bg3 Bg5 33. Bc4 Qh3 34. Bxf4 Bxf4
35. Qe2 Qh8 36. Rb3 Nd7 37. Qg2 Rh7 38. Rf2 Rh3 39. a7 Kf7 40. Rb8 Qh4 41. Kf1
Rh2 42. Qxh2 Bxh2 43. Ke2 Bg1 44. Rf1 Qh2+ 45. Kd1 Be3 46. Be2 Bxd5 47. exd5
Qh7 48. Bc4 Bf4 49. Re1 Qb1+ 50. Ke2 Qc2+ 51. Kf1 Qxc4+ 52. Re2 Nb6 53. Rxb6
Qxd5 54. Rb3 Qxb3 55. a8=Q Qd1+ 1/2-1/2

[Event "2MCR_3DE_1L_2S"]
[Site "?"]
[Date "2007.??.??"]
[Round "?"]
[White "Mikoska, Josef"]
[Black "Alexa, Jaroslav"]
[Result "1/2-1/2"]
[WhiteElo "2169"]
[BlackElo "2374"]
[Annotator "080"]
[PlyCount "81"]
[EventDate "2007.??.??"]
[EventType "corr"]
[EventRounds "1"]
[SourceDate "2007.01.28"]

1. e4 c5 2. Nf3 d6 3. d4 cxd4 4. Nxd4 Nf6 5. Nc3 a6 6. Be3 e5 7. Nb3 Be6 8. Be2
Be7 9. Nd5 Bxd5 10. exd5 Nbd7 11. O-O O-O 12. a4 Rc8 13. a5 Ne8 14. Qd2 f5 15.
f4 Nef6 16. c3 Ne4 17. Qc2 Bf6 18. Bf3 Ndc5 19. Nxc5 Nxc5 20. fxe5 Bxe5 21. Bf2
Qd7 22. Kh1 g6 23. Rfe1 Qb5 24. Be2 Qd7 25. Bf3 Qb5 26. Be2 Qe8 27. Bf3 Qb5 28.
Be2 Qe8 29. Bf3 g5 30. Bd4 g4 31. Bd1 Rc7 32. Bxe5 Re7 33. Qd2 Rxe5 34. Rxe5
Qxe5 35. Qg5+ Kh8 36. Bc2 Ne4 37. Bxe4 Qxe4 38. Rd1 Qe2 39. Rc1 f4 40. Rg1 g3
41. Qh6 1/2-1/2

[Event "2MCR_3DE_1L_2S"]
[Site "?"]
[Date "2007.??.??"]
[Round "?"]
[White "Alexa, Jaroslav"]
[Black "Canibal, Jaromir"]
[Result "1-0"]
[WhiteElo "2374"]
[BlackElo "2255"]
[Annotator "081"]
[PlyCount "81"]
[EventDate "2007.??.??"]
[EventType "corr"]
[EventRounds "1"]
[SourceDate "2007.01.28"]

1. e4 e5 2. Nf3 Nf6 3. Nxe5 d6 4. Nf3 Nxe4 5. d4 d5 6. Bd3 Nd6 7. O-O Be7 8.
Bf4 O-O 9. Re1 Bg4 10. h3 Bh5 11. Re5 Bxf3 12. Qxf3 c6 13. Nd2 Nd7 14. Re2 Re8
15. Rae1 Nf8 16. c4 Ne6 17. Rxe6 fxe6 18. Rxe6 Nf7 19. Qh5 h6 20. Bxh6 Bf6 21.
Rxe8+ Qxe8 22. Be3 Rd8 23. Nf3 Kf8 24. c5 Ke7 25. Bg6 Qg8 26. Ne5 Nh8 27. Bh7
Qe8 28. Ng6+ Nxg6 29. Bxg6 Qh8 30. Qf5 Qg8 31. g4 Qe6 32. Qh5 Rf8 33. g5 Kd7
34. gxf6 Qxf6 35. Qg4+ Kc7 36. Qg3+ Kc8 37. Bh5 b5 38. Bg4+ Kb7 39. Qd6 Rd8 40.
Qxf6 gxf6 41. Kg2 1-0

[Event "2MCR_3DE_1L_1S"]
[Site "?"]
[Date "2007.??.??"]
[Round "?"]
[White "Hybl, Vladislav"]
[Black "Kuchta, Jiri"]
[Result "1/2-1/2"]
[WhiteElo "2303"]
[BlackElo "2244"]
[Annotator "074"]
[PlyCount "115"]
[EventDate "2007.??.??"]
[EventType "corr"]
[EventRounds "1"]
[SourceDate "2007.01.28"]

1. e4 e6 2. d4 d5 3. Nd2 c5 4. exd5 Qxd5 5. Ngf3 cxd4 6. Bc4 Qd6 7. O-O Nf6 8.
Nb3 Nc6 9. Nbxd4 Nxd4 10. Nxd4 Bd7 11. c3 Be7 12. Qe2 Rc8 13. Nf3 O-O 14. Ne5
Rfd8 15. Bf4 Qc5 16. Rad1 Be8 17. Bg3 a5 18. Bd3 b5 19. Kh1 b4 20. c4 a4 21. f4
Nd7 22. b3 g6 23. Bf2 Qc7 24. Bc2 Nc5 25. Bd4 Bf6 26. Qe3 h6 27. Ng4 Bxd4 28.
Rxd4 Rxd4 29. Qxd4 Qd8 30. Nxh6+ Kh7 31. Qxd8 Rxd8 32. Ng4 Kg7 33. Kg1 axb3 34.
axb3 Ra8 35. Re1 Ra3 36. Re3 Bc6 37. Kf2 f6 38. g3 Ra2 39. Re2 Be4 40. Bxe4
Nxe4+ 41. Ke3 Rxe2+ 42. Kxe2 Nc5 43. Nf2 Nxb3 44. Nd3 Na5 45. c5 Nc6 46. Nf2 e5
47. fxe5 fxe5 48. Kd3 Kf6 49. Kc4 Ke6 50. Nd3 b3 51. Kxb3 Kd5 52. Kc3 Nd4 53.
Kb4 Ne6 54. c6 g5 55. Kc3 Kxc6 56. Nxe5+ Kd5 57. Nf7 Ke4 58. Kd2 1/2-1/2

[Event "2MCR_3DE_1L_1S"]
[Site "?"]
[Date "2007.??.??"]
[Round "?"]
[White "Svoboda, Frantisek"]
[Black "Hybl, Vladislav"]
[Result "1/2-1/2"]
[WhiteElo "2388"]
[BlackElo "2303"]
[Annotator "075"]
[PlyCount "66"]
[EventDate "2007.??.??"]
[EventType "corr"]
[EventRounds "1"]
[SourceDate "2007.01.28"]

1. c4 e6 2. Nc3 d5 3. d4 c6 4. Nf3 Nf6 5. Bg5 h6 6. Bh4 dxc4 7. e4 g5 8. Bg3 b5
9. Be2 Bb7 10. O-O Nbd7 11. d5 cxd5 12. exd5 Nxd5 13. Nxb5 a6 14. Nbd4 Bg7 15.
Bxc4 O-O 16. Re1 Rc8 17. Rc1 N5b6 18. Nxe6 fxe6 19. Bxe6+ Kh8 20. Ne5 Nxe5 21.
Bxc8 Qxd1 22. Rcxd1 Nf3+ 23. gxf3 Rxc8 24. f4 g4 25. f5 Nd5 26. Re6 Bf8 27. a3
h5 28. b4 Kg8 29. Bd6 Bg7 30. Bc5 Nf4 31. Red6 Bf3 32. Rd8+ Rxd8 33. Rxd8+ Kf7
1/2-1/2

[Event "2MCR_3DE_1L_2S"]
[Site "?"]
[Date "2007.??.??"]
[Round "?"]
[White "Postl, Rostislav"]
[Black "Janous, Petr"]
[Result "1/2-1/2"]
[WhiteElo "2340"]
[BlackElo "2236"]
[Annotator "082"]
[PlyCount "127"]
[EventDate "2007.??.??"]
[EventType "corr"]
[EventRounds "1"]
[SourceDate "2007.01.28"]

1. e4 c5 2. Nf3 d6 3. d4 cxd4 4. Nxd4 Nf6 5. Nc3 a6 6. Be2 e6 7. O-O Be7 8. f4
O-O 9. Be3 Qc7 10. g4 d5 11. e5 Ne4 12. Nxe4 dxe4 13. Qe1 Nc6 14. c3 Nxd4 15.
Bxd4 b5 16. Bd1 Bb7 17. Bc2 Qc6 18. Qe3 Rad8 19. Rad1 f5 20. exf6 Bxf6 21. Bxf6
gxf6 22. f5 Rxd1 23. Bxd1 Kh8 24. h3 exf5 25. Rxf5 Qd6 26. Bc2 Re8 27. Bb3 Re5
28. Rxe5 Qxe5 29. Kg2 Qc7 30. a4 bxa4 31. Bxa4 a5 32. Bb5 Kg7 33. h4 Qe5 34.
Be2 Bd5 35. Qa7+ Kg6 36. Qd4 e3+ 37. Kh3 h6 38. Qxe5 fxe5 39. Kg3 Bc6 40. Bf3
Bd7 41. Bd1 Bc6 42. Bf3 Bd7 43. c4 Kf6 44. Bd1 Bc6 45. Be2 Ke6 46. Bf3 e4 47.
Be2 Ke5 48. h5 Be8 49. c5 Bd7 50. Bf1 Be8 51. Ba6 Bd7 52. Be2 Bc6 53. Bc4 Kd4
54. Ba6 Ke5 55. Bc8 Kf6 56. Kg2 Kg5 57. Kg1 Kf4 58. Kf1 Bb5+ 59. Ke1 Bc6 60.
Bf5 Bb5 61. Be6 Bc6 62. Bc8 Kg5 63. Bf5 Kf4 64. Be6 1/2-1/2

[Event "2MCR_3DE_1L_2S"]
[Site "?"]
[Date "2007.??.??"]
[Round "?"]
[White "Pecka, Josef"]
[Black "Nepustil, Frantisek"]
[Result "0-1"]
[WhiteElo "2290"]
[BlackElo "2335"]
[Annotator "083"]
[PlyCount "70"]
[EventDate "2007.??.??"]
[EventType "corr"]
[EventRounds "1"]
[SourceDate "2007.01.28"]

1. e4 e5 2. f4 d5 3. exd5 exf4 4. Bc4 Qh4+ 5. Kf1 Bd6 6. Nc3 Ne7 7. Nb5 O-O 8.
Nxd6 cxd6 9. d3 Nd7 10. Qf3 Ng6 11. Qf2 Qf6 12. h4 h5 13. Ne2 Nde5 14. Nxf4 Ng4
15. Qf3 Bd7 16. Ne2 Qe7 17. Bg5 f6 18. Bd2 Rae8 19. Re1 Qd8 20. d4 N6e5 21. Qc3
Nxc4 22. Qxc4 Re4 23. Qd3 Rfe8 24. Rh3 Bf5 25. Qb5 Qe7 26. a3 Nh6 27. Rf3 Bg4
28. Bxh6 gxh6 29. Rf2 Re3 30. Qb4 Bxe2+ 31. Kg1 Ba6 32. Rxe3 Qxe3 33. Qd2 Qg3
34. b3 Kg7 35. Qd1 Re4 0-1

[Event "2MCR_3DE_1L_3S"]
[Site "?"]
[Date "2007.??.??"]
[Round "?"]
[White "Sykora, Josef"]
[Black "Vojtek, Frantisek"]
[Result "1-0"]
[WhiteElo "2365"]
[BlackElo "2196"]
[Annotator "077"]
[PlyCount "83"]
[EventDate "2007.??.??"]
[EventType "corr"]
[EventRounds "1"]
[SourceDate "2007.01.28"]

1. c4 Nf6 2. Nf3 e6 3. g3 c5 4. Bg2 Nc6 5. O-O Be7 6. d4 cxd4 7. Nxd4 d5 8. Nc3
O-O 9. cxd5 Nxd5 10. Nxd5 exd5 11. Be3 Be6 12. Rc1 Qd7 13. Qd2 Rad8 14. Rfd1
Rfe8 15. Nxe6 fxe6 16. f4 Rf8 17. Bf2 Qe8 18. e4 d4 19. Qd3 Qf7 20. Qb5 Rd7 21.
e5 g5 22. Bxc6 bxc6 23. Qxc6 Bd8 24. Qf3 Bb6 25. Qg4 Qg6 26. a4 Rf5 27. Rc8+
Kg7 28. b4 h5 29. Qf3 gxf4 30. Qa8 Qf7 31. Rd3 Rc7 32. Rxc7 Qxc7 33. Qe4 fxg3
34. Rxg3+ Kh6 35. a5 Qc1+ 36. Kg2 Qd2 37. Rf3 Qg5+ 38. Bg3 Bd8 39. Rxf5 exf5
40. Qf4 Qxf4 41. Bxf4+ Kg6 42. Bg3 1-0

[Event "2MCR_3DE_1L_3S"]
[Site "?"]
[Date "2007.??.??"]
[Round "?"]
[White "Krouzel, Jaroslav"]
[Black "Schwarz, Jan"]
[Result "1-0"]
[WhiteElo "2298"]
[BlackElo "2266"]
[Annotator "078"]
[PlyCount "74"]
[EventDate "2007.??.??"]
[EventType "corr"]
[EventRounds "1"]
[SourceDate "2007.01.28"]

1. d4 Nf6 2. c4 e6 3. Nc3 Bb4 4. Bg5 h6 5. Bh4 c5 6. d5 O-O 7. e3 d6 8. Bd3
Bxc3+ 9. bxc3 Nbd7 10. Ne2 Ne5 11. f4 Nxd3+ 12. Qxd3 exd5 13. cxd5 Qe7 14. Ng3
Re8 15. e4 c4 16. Qc2 Qd8 17. O-O-O b5 18. Rde1 g5 19. fxg5 Ng4 20. Qd2 b4 21.
Rhf1 bxc3 22. Qxc3 Re5 23. Nh5 Qb6 24. h3 Rb8 25. Kd2 Qa6 26. Ra1 hxg5 27. Bg3
f5 28. hxg4 f4 29. Nxf4 gxf4 30. Bxf4 Bxg4 31. Bxe5 dxe5 32. Qxe5 c3+ 33. Kxc3
Rc8+ 34. Kd4 Qb6+ 35. Kd3 Qa6+ 36. Ke3 Qe2+ 37. Kf4 Rf8+ 1-0

[Event "2MCR_3DE_1L_2S"]
[Site "?"]
[Date "2007.??.??"]
[Round "?"]
[White "Houska, Jiri"]
[Black "Pecka, Josef"]
[Result "1-0"]
[WhiteElo "2244"]
[BlackElo "2290"]
[Annotator "084"]
[PlyCount "163"]
[EventDate "2007.??.??"]
[EventType "corr"]
[EventRounds "1"]
[SourceDate "2007.01.28"]

1. e4 e5 2. Nf3 Nc6 3. Bb5 a6 4. Bxc6 dxc6 5. O-O Bg4 6. h3 h5 7. d3 Qf6 8.
Nbd2 Ne7 9. Re1 Ng6 10. d4 Bd6 11. hxg4 hxg4 12. Nh2 Rxh2 13. Qxg4 Rh4 14. Qf5
exd4 15. Nf3 Rh7 16. Bg5 Qxf5 17. exf5+ Ne7 18. f6 gxf6 19. Bxf6 Kf8 20. Bxd4
c5 21. Be5 Nc6 22. Rad1 Nxe5 23. Nxe5 Rh6 24. c4 Kg7 25. Rd3 f6 26. Ng4 Rh4 27.
Ne3 Kg6 28. g3 Rd4 29. Red1 Be5 30. b3 f5 31. Nc2 Re4 32. Kg2 Re8 33. Kf3 Bd6
34. Re3 a5 35. a4 R8e7 36. Rxe4 fxe4+ 37. Ke2 Rf7 38. Rh1 Rf3 39. Ne3 Be7 40.
Rh8 Rf8 41. Rxf8 Bxf8 42. f3 exf3+ 43. Kxf3 Bd6 44. Nd5 c6 45. Nf4+ Kf6 46. Ke4
Bc7 47. g4 Bd6 48. Nh5+ Kg5 49. Kf3 Be5 50. Ng3 Kg6 51. Ne2 Kg5 52. Ng3 Kh4 53.
Ne4 b6 54. Nf2 Kg5 55. Nh3+ Kg6 56. Nf4+ Kf6 57. Ke4 Bd6 58. Nh3 Bb8 59. Ng1
Bc7 60. Nf3 Ke6 61. g5 Bd8 62. Kf4 Bc7+ 63. Kg4 Bd6 64. Ne1 Ke5 65. Nd3+ Ke4
66. g6 Bf8 67. Nf4 Ke5 68. Nh3 Kf6 69. Kh5 Bg7 70. Ng5 Kf5 71. Nf7 Ke6 72. Kg5
Bf8 73. Nh6 Be7+ 74. Kf4 Bd6+ 75. Ke4 Be5 76. Nf5 Bh2 77. g7 Kf7 78. Ne7 Kxg7
79. Nxc6 Kf7 80. Kd5 Ke8 81. Ke6 Bf4 82. Ne7 1-0

[Event "2MCR_3DE_1L_2S"]
[Site "?"]
[Date "2007.??.??"]
[Round "?"]
[White "Valak, Alois"]
[Black "Pravec, Ladislav"]
[Result "1/2-1/2"]
[WhiteElo "2353"]
[BlackElo "2352"]
[Annotator "085"]
[PlyCount "120"]
[EventDate "2007.??.??"]
[EventType "corr"]
[EventRounds "1"]
[SourceDate "2007.01.28"]

1. d4 Nf6 2. Nf3 g6 3. Nc3 d5 4. Bf4 Bg7 5. e3 O-O 6. Be2 c6 7. h3 a5 8. O-O
Nbd7 9. a4 b6 10. Nb1 e6 11. c4 Bb7 12. Nc3 Qe7 13. cxd5 exd5 14. Rc1 Rfe8 15.
Ng5 Rac8 16. Re1 Nf8 17. h4 Ne6 18. Nxe6 Qxe6 19. Qb3 Nd7 20. h5 Bf8 21. Red1
Bd6 22. Bxd6 Qxd6 23. Re1 Kg7 24. Bf3 Ba6 25. Be2 Bb7 26. Bf3 f5 27. Ne2 Rf8
28. Qd3 Rce8 29. Ra1 Qf6 30. Ng3 Kg8 31. hxg6 hxg6 32. Qc3 Re7 33. Nf1 Rh7 34.
g3 g5 35. Bg2 Kg7 36. b4 Ra8 37. bxa5 Rxa5 38. Reb1 Ra8 39. a5 b5 40. Nd2 g4
41. Rc1 Rh6 42. Ra2 Qf8 43. Qa1 Ba6 44. Rac2 Bb7 45. Nb3 Qd6 46. Nc5 Nxc5 47.
Rxc5 Qe6 48. Qb1 Kg6 49. Qb4 Rhh8 50. Ra1 Ra6 51. Qd2 Qe7 52. Re1 Bc8 53. Ra1
Bd7 54. Rc2 Rh5 55. Rc5 Kf7 56. Rcc1 Qd6 57. Qc3 Qh6 58. Qc5 Qf8 59. Qc2 Qh6
60. Qe2 Rh2 1/2-1/2

[Event "2MCR_3DE_1L_3S"]
[Site "?"]
[Date "2007.??.??"]
[Round "?"]
[White "Schwarz, Jan"]
[Black "Janocko, Petr"]
[Result "1/2-1/2"]
[WhiteElo "2266"]
[BlackElo "2177"]
[Annotator "079"]
[PlyCount "107"]
[EventDate "2007.??.??"]
[EventType "corr"]
[EventRounds "1"]
[SourceDate "2007.01.28"]

1. e4 c5 2. Nf3 Nc6 3. d4 cxd4 4. Nxd4 Nf6 5. Nc3 e5 6. Ndb5 d6 7. Bg5 a6 8.
Na3 b5 9. Nd5 Be7 10. Bxf6 Bxf6 11. c3 O-O 12. Nc2 Bg5 13. a4 bxa4 14. Rxa4 a5
15. Bc4 Rb8 16. b3 Kh8 17. Nce3 g6 18. O-O f5 19. Qf3 Bb7 20. Rfa1 Ne7 21. Nxe7
Qxe7 22. Nd5 fxe4 23. Qxe4 Qf7 24. Rf1 Bd8 25. Qd3 Qf5 26. Qd2 Bc6 27. Ra2 Bg5
28. Qe2 a4 29. bxa4 e4 30. Rd1 e3 31. Nxe3 Qc5 32. Re1 Bxe3 33. fxe3 Rf4 34.
Bb5 Bxb5 35. axb5 Rxb5 36. Rd2 Rf5 37. Qd3 Rb3 38. Qxd6 Qxd6 39. Rxd6 Rxc3 40.
Rd7 Kg8 41. Rb1 Rxe3 42. Rb8+ Rf8 43. Rxf8+ Kxf8 44. Rxh7 Ra3 45. h3 Rd3 46.
Kf2 Kg8 47. Re7 Kf8 48. Rc7 Rb3 49. g3 Kg8 50. Kg2 Ra3 51. g4 Re3 52. h4 Rb3
53. Re7 Kf8 54. Rd7 1/2-1/2

[Event "2MCR_3DE_1L_3S"]
[Site "?"]
[Date "2007.??.??"]
[Round "?"]
[White "Pytlik, Lesek"]
[Black "Sykora, Josef"]
[Result "0-1"]
[WhiteElo "2382"]
[BlackElo "2365"]
[Annotator "080"]
[PlyCount "82"]
[EventDate "2007.??.??"]
[EventType "corr"]
[EventRounds "1"]
[SourceDate "2007.01.28"]

1. e4 c5 2. Nf3 Nc6 3. Bb5 g6 4. Bxc6 dxc6 5. d3 Bg7 6. h3 b6 7. O-O Nh6 8. Nc3
O-O 9. Be3 f6 10. a3 Nf7 11. Qd2 f5 12. exf5 gxf5 13. Bg5 Qd6 14. Rfe1 e5 15.
Bh4 Be6 16. Re2 b5 17. Rae1 b4 18. Nd1 Bd5 19. Ng5 Nh8 20. axb4 cxb4 21. Ne3
Ng6 22. Nxd5 cxd5 23. Nf3 f4 24. Rf1 Rf5 25. c3 Rh5 26. g3 Rf8 27. Ree1 fxg3
28. fxg3 e4 29. Nd4 Rxf1+ 30. Kxf1 Nxh4 31. gxh4 Qf6+ 32. Qf2 exd3 33. Qxf6
Bxf6 34. Rd1 Bxd4 35. cxd4 Rxh4 36. Rxd3 Kf7 37. Kf2 Ke6 38. Kg3 Re4 39. Kf2
Rf4+ 40. Ke3 Rh4 41. Kd2 Kf5 0-1

[Event "2MCR_3DE_1L_3S"]
[Site "?"]
[Date "2007.??.??"]
[Round "?"]
[White "Riha, Jan"]
[Black "Jirku, Jaroslav"]
[Result "1-0"]
[WhiteElo "2277"]
[BlackElo "2299"]
[Annotator "081"]
[PlyCount "91"]
[EventDate "2007.??.??"]
[EventType "corr"]
[EventRounds "1"]
[SourceDate "2007.01.28"]

1. e4 e5 2. Nf3 Nc6 3. Bb5 a6 4. Ba4 Nf6 5. O-O Be7 6. Re1 b5 7. Bb3 d6 8. c3
O-O 9. h3 Na5 10. Bc2 c5 11. d4 Qc7 12. Nbd2 cxd4 13. cxd4 Bb7 14. d5 Rac8 15.
Bd3 Nd7 16. Nf1 f5 17. Ng3 f4 18. Nf5 Bd8 19. b3 g6 20. Nh6+ Kg7 21. Ng4 h5 22.
Ngh2 Ba8 23. Bd2 Bf6 24. Rc1 Qb6 25. Qe2 Rxc1 26. Rxc1 Nc5 27. Bc2 Nd7 28. Bd1
Nb7 29. Rc6 Qa7 30. Rc7 Rf7 31. h4 Nb6 32. Rc1 Qb8 33. Ng5 Bxg5 34. hxg5 Rc7
35. Rxc7+ Qxc7 36. g3 fxg3 37. fxg3 Nc5 38. g4 h4 39. Nf3 h3 40. Kh2 Bb7 41.
Nh4 Nbd7 42. Qf3 a5 43. a3 Ba6 44. b4 axb4 45. axb4 Na4 46. Nxg6 1-0